Statistiques concernant Chanteurs et leurs pseudonymes

Cliquez ici pour prendre le quiz!

Statistiques générales

  • Ce quiz a été pris 175 fois
  • Le résultat moyen est 12 sur 36

Statistiques - réponses

Véritable identitéPseudonyme% Correct
Jean Philippe SmetJohnny Hallyday
91%
Lucien GinsburgSerge Gainsbourg
79%
Renaud SéchanRenaud
75%
Claude MoineEddy Mitchell
64%
Michel HamburgerMichel Berger
62%
Yvan Chrysostome DoltoCarlos
49%
Serge ChauvierSerge Lama
44%
Moshé BrandMike Brant
42%
Giuseppe MustacchiGeorges Moustaki
39%
Alain KienastAlain Souchon
38%
Christope MartichonChristophe Maé
36%
Alain Le GovicAlain Chamfort
35%
Francesco BarracatoFrédéric François
34%
Henri ForneriDick Rivers
32%
Jean TenenbaumJean Ferrat
32%
Pierre GarandGarou
31%
Wouter LevenbachDave
30%
Patrick ChouchayanPatrick Fiori
29%
Patrick BoutotPatrick Sebastien
28%
Gaston GhrenassiaEnrico Macias
28%
Bruno NicoliniBénabar
27%
François Gilbert SillyGilbert Bécaud
26%
Fabien MarsaudGrand Corps Malade
24%
William HandWilliam Sheller
24%
Richard BteshRichard Anthony
24%
Bernard OuillonBernard Lavilliers
23%
Gérald GardrinierGérald De Palmas
21%
Agostino FerrariNino Ferrer
20%
Pierre Antoine MuraccioliAntoine
19%
Alain BellecAlain Barrière
18%
Roger JouretPlastic Bertrand
18%
Guy BayleRingo Willy Cat
17%
Daniel CohenDany Brillant
16%
Jean Louis MougeotFrançois Valery
16%
Jean François GrandinFrank Alamo
11%
Franco GabelliFrank Michael
10%

Distribution des résultats

Percentile par nombre de réponses

% des personnes avec chaque résultat

Votre développement - résultats

Vous n’avez pas pris ce quiz